Statistics for Movies With Places in the Title #1

Click here to take the quiz!

General Stats

  • This quiz has been taken 34,054 times
  • The average score is 15 of 24

Answer Stats

YearMovie% Correct
2006Pirates of the {Caribbean}: Dead Man's Chest
98%
1984{Indiana} Jones and the Temple of Doom
92%
1974The {Texas} Chainsaw Massacre
91%
1993Sleepless in {Seattle}
90%
1987Good Morning, {Vietnam}
80%
1972Last Tango in {Paris}
75%
2002Maid in {Manhattan}
73%
1963From {Russia} With Love
71%
1998Fear and Loathing in {Las} {Vegas}
70%
2006The Last King of {Scotland}
67%
1986Big Trouble in Little {China}
67%
20073:10 to {Yuma}
62%
1997Seven Years in {Tibet}
60%
1984{Beverly} {Hills} Cop
57%
2002Bowling For {Columbine}
57%
1939Mr. Smith Goes to {Washington}
55%
1987Raising {Arizona}
51%
1946Anna and the King of {Siam}
47%
1944Meet Me in {St.} {Louis}
45%
1976The Outlaw Josey {Wales}
43%
1991My Own Private {Idaho}
40%
1999{Detroit} Rock City
40%
1985The Purple Rose of {Cairo}
34%
1997{Grosse} {Pointe} Blank
29%

Score Distribution

Percentile by Number Answered

Percent of People with Each Score

Your Score History

You have not taken this quiz